00666nam a2200181Ia 4500001002200000003000900022008004100031040002300072041001300095100001200108245003000120250001500150260003900165300002300204500002300227501012400250520011000374709.01-RIS ro (13687)IT-MiSPE171229s9999||||xx |||||||||||||| ||und|| aIT-MiSPEcIT-MiSPE aITALIANO aAA.VV.  0aRiscoperta di Roma antica a1a ed. (v) aRomabIst. Enc. It. Treccanic1999 aXV, 523 p. c31 cm aRoma - Arte antica aEdizioni San Paolo srl - Piazza Soncino, 5 - 20092 CINISELLO BALSAMO (MI) (non commercial uses only) ® Copyright 2018 aTav., ill., cart. geo. - Estrato da: "Enciclopedia dell'arte antica classica e orientale, stesso editore.